00786nam a2200253 a 4500001001300000003000900013005001700022008004100039020002400080082002100104100002600125245004200151260005000193300000900243500003500252505001200287650002200299650002200321650003500343902000800378942000700386952012400393999001500517nice12345678IN_TiNIC20260116013059.0050524s1998 cama grp 000 0 eng  a0521856 c110000a909.0974927bHOV aHovannisian, Richared aPersian Presence in the Islamic World aCambridge bCambridge University Press c1998 a267p aincludes index and biblioraphy2 aIndices aCivilization-Arab aIran-Civilization aIslamic-Countries Civilization bSRS cBK 001040708StackRoom-aHMIbHMId2007-06-05g1100.00l0o909.0974927 HOVp018604r2007-06-05v1100.00w2005-05-24yBK c9571d9571